=LDR 00000nam 2200000 4500 =001 NUTBA000000000002692 =005 20140625090055.0 =006 =007 =008 =035 ##$$a 0010-061400000000635 =040 ##$$a NBPDMAT =082 ##$$a 631.585 =090 ##$$a 631.585 $b Sit m =100 ##$$a Siti Istiqomah =245 ##$$a Menanam hidroponik / $c Siti Istiqomah =260 ##$$a Jakarta : $b Azka Mulia Media, $c 2007 =300 ##$$a iv, 84 hlm. : $b ilus. ; $c 21 cm. =650 ##$$a Hidroponik =850 ##$$a NBPDMAT =990 ##$$a 21401712